Aplikácia NLP pre inteligentné spracovanie elektronických dokumentov rôznych typov

Na minha lista:
Detalhes bibliográficos
Autor principal: Radičová, Adela (Author)
Outros Autores: Oravec, Miloš (Thesis advisor)
Formato: Manuscrito Livro
Idioma:eslovaco
Publicado em: 2025
Assuntos:
Acesso em linha:http://is.stuba.sk/zp/portal_zp.pl?podrobnosti=184420
Tags: Adicionar Tag
Sem tags, seja o primeiro a adicionar uma tag!

MARC

LEADER 00000ntm a22000003a 4500
001 stuzp105047
003 SK-STU
005 20250614213553.6
007 ta
008 150427s2015----xo-----f-mn---000-0-slo-d
040 |a STU  |b slo 
041 0 |a slo 
100 1 |a Radičová, Adela  |u 035000  |4 aut  |U FEI Fakulta elektrotechniky a informatiky  |T FEI Ústav informatiky a matematiky  |X 111425  |U E050  |Y 816  |7 111425 
242 0 1 |a NLP Application for Intelligent Processing of Various Types of Electronic Documents  |y eng 
245 1 0 |a Aplikácia NLP pre inteligentné spracovanie elektronických dokumentov rôznych typov 
260 |c 2025 
650 4 |a document retrieval system  |2 eng 
650 4 |a Azure  |2 eng 
650 4 |a RAG  |2 eng 
650 4 |a NLP  |2 eng 
650 4 |a LLM  |2 eng 
650 4 |a systém na vyhľadávanie dokumentov  |2 slo 
650 4 |a RAG  |2 slo 
650 4 |a NLP  |2 slo 
650 4 |a LLM  |2 slo 
650 4 |a Azure  |2 slo 
700 1 |a Oravec, Miloš  |u 035000  |k Z1  |4 ths  |U FEI Fakulta elektrotechniky a informatiky  |T FEI Ústav informatiky a matematiky  |X 2036  |U E050  |Y 816  |7 A000002036 
856 4 |u http://is.stuba.sk/zp/portal_zp.pl?podrobnosti=184420